000 00695nam a2200241Ia 4500
003 OSt
005 20220926004749.0
006 a|||||r|||| 00| 0
007 ta
008 220923b |||||||| |||| 00| 0 eng d
020 _a8170369576
037 _cGeneral Book
040 _aRTL
_cRTL
_beng
041 _2eng
_aeng
082 _aY:(R37), P0
100 _aAhmad Imitaz and others Ed.
_9309235
245 0 _aPluralism and equatiy
_b Vallues in Indian society a
260 _a New Delhi
_bSage
_c2000
300 _a378p
_ccm.
650 _aScinentific method
_9238255
942 _hY:(R37), P0
_cGB
_2CC
999 _c612243
_d612243